[Event "LSS No Engine Cup 158 Preliminary 0"]
[Site "LSS email"]
[Date "2016.08.27"]
[Round "?"]
[White "Bonthuys, Adrian"]
[Black "Rojas, Fernando"]
[Result "1-0"]
[WhiteElo "1600"]
[BlackElo "1627"]
[PlyCount "49"]
[EventDate "2016.08.28"]
[EventType "tourn (corr)"]
[EventRounds "6"]
[EventCountry "GER"]
[SourceTitle "Corr 2022"]
[Source "ChessBase"]
[SourceDate "2021.10.24"]
[SourceVersion "1"]
[SourceVersionDate "2021.10.24"]
[SourceQuality "1"]

1. d4 d5 2. c4 e6 3. Nc3 Nf6 4. Bg5 c5 5. cxd5 exd5 6. Nf3 Nc6 7. Bxf6 gxf6 8. dxc5 Bxc5 9. e3 Be6 10. Rc1 Bb4 11. Bd3 Qd6 12. 0-0 Bxc3 13. Rxc3 Ke7 14. Qb3 Rab8 15. Nd4 Nxd4 16. exd4 f5 17. Re1 Kf6 18. g3 Rhg8 19. Re5 a6 20. a4 b5 21. Bxf5 Bxf5 22. Rxf5+ Kxf5 23. Qc2+ Kg5 24. Rc6 Rbc8 25. Qd2+ 1-0

[Event "LSS No Engine Cup 158 Preliminary 0"]
[Site "LSS email"]
[Date "2016.08.27"]
[Round "?"]
[White "Rojas, Fernando"]
[Black "Vio, Mauro"]
[Result "0-1"]
[WhiteElo "1627"]
[BlackElo "1805"]
[PlyCount "48"]
[EventDate "2016.08.28"]
[EventType "tourn (corr)"]
[EventRounds "6"]
[EventCountry "GER"]
[SourceTitle "Corr 2022"]
[Source "ChessBase"]
[SourceDate "2021.10.24"]
[SourceVersion "1"]
[SourceVersionDate "2021.10.24"]
[SourceQuality "1"]

1. e4 e6 2. d4 d5 3. Nd2 Nf6 4. g3 dxe4 5. c3 Bd7 6. Bg2 Bc6 7. Qe2 Qd5 8. Nb3 Bb5 9. Qd1 Nc6 10. Ne2 0-0-0 11. Nf4 Qd7 12. Be3 Kb8 13. Qc2 e5 14. Ne2 exd4 15. Nexd4 Bd3 16. Nxc6+ Qxc6 17. Qd2 Be7 18. Na5 Qa4 19. Nb3 Rd5 20. f3 Rhd8 21. Nd4 Rxd4 22. Bxd4 Rxd4 23. fxe4 Rxe4+ 24. Bxe4 Qxe4+ 0-1

[Event "SN-2016-0-00781"]
[Site "LSS email"]
[Date "2016.08.06"]
[Round "?"]
[White "Lenz, Juergen"]
[Black "Rojas, Fernando"]
[Result "0-1"]
[WhiteElo "1151"]
[BlackElo "1002"]
[PlyCount "102"]
[EventDate "2016.07.16"]
[EventType "tourn (corr)"]
[EventRounds "6"]
[EventCountry "GER"]
[SourceTitle "Corr 2022"]
[Source "ChessBase"]
[SourceDate "2021.10.24"]
[SourceVersion "1"]
[SourceVersionDate "2021.10.24"]
[SourceQuality "1"]

1. d4 d5 2. Nf3 Nf6 3. Bf4 c5 4. e3 Qb6 5. Nc3 e6 6. Rb1 Be7 7. Ne5 0-0 8. Be2 cxd4 9. exd4 Nbd7 10. 0-0 a6 11. Nxd7 Bxd7 12. Qd3 Qd8 13. Bf3 b5 14. Ne2 Bc6 15. Rfe1 Re8 16. Ng3 b4 17. h3 Bb5 18. Qd2 a5 19. c3 Bd6 20. Nh5 Nxh5 21. Bxd6 Qxd6 22. g3 Nxg3 23. fxg3 Qxg3+ 24. Qg2 Qxg2+ 25. Bxg2 Bd3 26. Rbc1 Rac8 27. Kf2 bxc3 28. bxc3 Rc4 29. Ke3 Bg6 30. Bf1 Rc7 31. c4 dxc4 32. Rxc4 Rxc4 33. Bxc4 Kf8 34. Bd3 Bxd3 35. Kxd3 Ra8 36. Rb1 Ke7 37. Rb7+ Kf6 38. Ke4 Ra6 39. Rb5 Kg6 40. a4 f5+ 41. Kf4 Kh5 42. d5 g5+ 43. Ke5 exd5 44. Kxf5 d4 45. Ke4 h6 46. Kxd4 Kh4 47. Rb3 Rf6 48. Kc5 h5 49. Kb5 Rf5+ 50. Kb6 g4 51. hxg4 hxg4 0-1